000 01366nam a2200337Ia 4500
001 ebr10484235
003 CaPaEBR
006 m u
007 cr cn|||||||||
008 110307s2011 cau sb 001 0 eng d
010 _z 2011008654
020 _z9780520270954
020 _z9780520270961
040 _aCaPaEBR
_cCaPaEBR
035 _a(OCoLC)753976821
050 1 4 _aHQ761
_b.A46 2011eb
082 0 4 _a381/.45618178
_222
100 1 _aAlmeling, Rene,
_d1977-
245 1 0 _aSex cells
_h[electronic resource] :
_bthe medical market for eggs and sperm /
_cRene Almeling.
260 _aBerkeley :
_bUniversity of California Press,
_c2011.
300 _ax, 228 p.
504 _aIncludes bibliographical references and index.
533 _aElectronic reproduction.
_bPalo Alto, Calif. :
_cebrary,
_d2011.
_nAvailable via World Wide Web.
_nAccess may be limited to ebrary affiliated libraries.
650 0 _aArtificial insemination, Human
_xEconomic aspects.
650 0 _aArtificial insemination, Human
_xMoral and ethical aspects.
650 0 _aInfertility
_xTreatment
_xEconomic aspects.
650 0 _aSurrogate motherhood
_xEconomic aspects.
655 7 _aElectronic books.
_2local
710 2 _aebrary, Inc.
856 4 0 _uhttp://site.ebrary.com/lib/rucke/Doc?id=10484235
_zAn electronic book accessible through the World Wide Web; click to view
999 _c120655
_d120655